000 00875nam a22001815i 4500
001 158613
003 ES-MaACL
005 20240125194423.0
008 040901s1883 it |||| | ita d
100 1 _aProvedi, Agostino Manfrin.
_9129413
245 1 0 _aRicordi e documenti relativi all'opuscolo del cav. Agostino Manfrin Provedi intitolato Cenni storici sulla traduzione in versi esametri latini della Divina commedia di Dante Allighieri eseguita dall'abate Gaetano dalla Piazza.
260 _aVenezia :
_b[s.n.],
_c1883 (
_fTip. del Commercio di M. Visentini)
300 _a64 p. ;
_c23 cm.
600 0 4 _aDante Alighieri,
_d1265-1321.
_tLa divina commedia
_9175737
700 1 _aPiazza, Gaetano dalla.
_9166949
852 _aES-MaACL
_jT-377-F-6
_z- Enc. hol.
_z- Dedicatoria autógrafa del autor
_z- Enc. en un vol. facticio
999 _c158613
_d158613